000 00679nam a2200145Ia 4500
008 100204s9999 xx 000 0 und d
082 _b25302
100 _aपरचुरे श्री. दि.
245 _aमराठी गद्यलेखन शैलीचा उद्गम आणि विकास
260 _b"आशा प्रकाशन, कोल्हापूर"
_c1992
300 _a283/74
630 _aमराठी गद्यलेखन शैलीचा उद्गम आणि विकास
730 _aमराठी गद्यलेखन शैलीचा उद्गम आणि विकास
942 _cBOOK
999 _c470482
_d470479